| 000 | 00407nam a2200145Ia 4500 | ||
|---|---|---|---|
| 008 | 230312s9999||||xx |||||||||||||| ||und|| | ||
| 082 |
_a658.3142 _bNEL-I |
||
| 100 | _aNelson, Bob Ph.D. | ||
| 245 | 0 | _a1001 Ways to Reward Employees | |
| 260 |
_bWorkman Publishing _aUSA _c2005 |
||
| 300 | _a381 | ||
| 546 | _aEng. | ||
| 650 |
_aManagement _vDay to Day Recognition , Tangible Recognition & Reward |
||
| 942 | _cBK | ||
| 999 |
_c4533 _d4533 |
||